Ley de creación y Reglamento del Centro Nacional para el Desarrollo de la Mujer y la Familia /
El documento presenta un resumen de la ley de creación y reglamento del Centro Nacional para el Desarrollo de la Mujer y la Familia, con el propósito de reconocer el proceso de institucionalización pública que tiene la promoción de la mujer en Costa Rica.
Kaydedildi:
| Müşterek Yazar: | |
|---|---|
| Materyal Türü: | Bilinmiyor |
| Dil: | Spanish |
| Baskı/Yayın Bilgisi: |
Centro Nacional para el Desarrollo de la Mujer y la Familia, CMF : UNFPA:
San José, Costa Rica
1994
|
| Edisyon: | edición |
| Seri Bilgileri: | Colección documentos Legislación
3 2 |
| Konular: | |
| Etiketler: |
Etiketle
Etiket eklenmemiş, İlk siz ekleyin!
|
MARC
| LEADER | 00000 a2200000 04500 | ||
|---|---|---|---|
| 001 | 48401 | ||
| 003 | cru CIDCACS/IIS | ||
| 005 | 20230619112325.0 | ||
| 008 | 050617s1995 cr # spa d | ||
| 020 | |a 9968-742-03-1 | ||
| 022 | |a 9968-742-03-1 | ||
| 040 | |c cru CIDCACS/IIS | ||
| 090 | |a 04.02.01 C837l | ||
| 110 | |a Costa Rica.[Leyes, etc.] | ||
| 245 | |a Ley de creación y Reglamento del Centro Nacional para el Desarrollo de la Mujer y la Familia / |c Centro Nacional para el Desarrollo de la Mujer y la Familia, CMF | ||
| 250 | |a edición | ||
| 260 | |a Centro Nacional para el Desarrollo de la Mujer y la Familia, CMF : |a UNFPA: |b San José, Costa Rica |c 1994 | ||
| 300 | |a 22 páginas |b Sin ilust. | ||
| 440 | |a Colección documentos |v 3 |a Legislación |v 2 | ||
| 500 | |a Colección Alforja | ||
| 520 | |a El documento presenta un resumen de la ley de creación y reglamento del Centro Nacional para el Desarrollo de la Mujer y la Familia, con el propósito de reconocer el proceso de institucionalización pública que tiene la promoción de la mujer en Costa Rica. | ||
| 650 | 1 | 0 | |a SITUACION JURIDICA |9 2163 |
| 650 | |2 Macrothesauro de la UNA/ | ||
| 650 | |2 Macrothesauro de la OCDE/ | ||
| 650 | |2 Macrothesauro de la OCDE/ | ||
| 650 | |a LEGISLACION | ||
| 650 | |2 Macrothesauro de la OCDE/ | ||
| 650 | 0 | |2 Macrothesauro de la OCDE/ |9 88 |a MUJERES | |
| 651 | 0 | |a COSTA RICA |9 32 | |
| 942 | |2 ddc |c LI |h 04.02.01 C837l |i 18160 |6 040201_C837L_18160 | ||
| 999 | |c 40590 |d 40590 | ||



